| 000 | 01206cam a2200325 a 4500 | ||
|---|---|---|---|
| 001 | 13916308 | ||
| 003 | DLC | ||
| 005 | 20170607154409.0 | ||
| 008 | 050331s2004 caua j d 000 0 eng d | ||
| 010 | _a 2005272456 | ||
| 020 | _a1555015239 | ||
| 020 | _a9781555015237 | ||
| 035 | _a(OCoLC)ocm57688836 | ||
| 040 |
_aCQF _cCQF _dDLC |
||
| 041 | _aspa | ||
| 042 | _alccopycat | ||
| 050 | 0 | 0 |
_aPE1629 _b.I329 2004 |
| 082 | 0 | 0 |
_a423 _222 |
| 245 | 0 | 0 |
_aIDEA picture dictionary. _n1 : _ban IDEA language development resource. |
| 246 | 3 | 0 |
_aPicture dictionary. _n1 |
| 260 |
_aBrea, CA : _bBallard & Tighe, _cc2004. |
||
| 300 |
_a152 p. : _bcol. ill. ; _c29 cm. |
||
| 500 | _a"With links to fun activities online"--Cover. | ||
| 520 | _aA dictionary for early elementary grades, with each word portrayed in the accompanying illustration. Words are also given in Spanish, Vietnamese, Hmong, Filipino, Chinese, and French. | ||
| 650 | 0 |
_aEnglish language _vDictionaries, Juvenile. |
|
| 650 | 0 |
_aSpanish language _vDictionaries, Juvenile. |
|
| 650 | 0 |
_aPicture dictionaries, Polyglot _xJuvenile literature. |
|
| 942 | _cBK | ||
| 999 |
_c17390 _d17390 |
||